[Event "Nikaia op 18th"]
[Site "Nikaia"]
[Date "2010.08.25"]
[Round "7"]
[White "Ismail, Shereif"]
[Black "Karagiannis, Athanasios"]
[Result "0-1"]
[WhiteElo "2234"]
[BlackElo "2327"]
[PlyCount "92"]
[EventDate "2010.08.20"]
[EventType "swiss"]
[EventRounds "9"]
[EventCountry "GRE"]
[SourceTitle "CBM 138 Extra"]
[Source "ChessBase"]
[SourceDate "2010.10.29"]
[SourceVersion "1"]
[SourceVersionDate "2010.10.29"]
[SourceQuality "1"]

1. e4 Nf6 2. e5 Nd5 3. d4 d6 4. Nf3 Bg4 5. c4 Nb6 6. h3 Bf5 7. exd6 cxd6 8. Nc3 e6 9. Bf4 Be7 10. Bd3 Bxd3 11. Qxd3 0-0 12. 0-0 Nc6 13. b3 a5 14. Nb5 a4 15. c5 e5 16. dxe5 dxc5 17. Nd6 axb3 18. Qxb3 Bxd6 19. exd6 c4 20. Qb2 Nd5 21. Bg3 Qd7 22. Rfd1 Ndb4 23. Ne5 Nxe5 24. Bxe5 Nd3 25. Qd4 Nxe5 26. Qxe5 b5 27. Rab1 Rab8 28. Qe7 Rfd8 29. Re1 g6 30. Rbd1 Rb6 31. Qxd7 Rxd7 32. Re5 b4 33. Red5 c3 34. Kf1 Ra6 35. Rb5 Raxd6 36. Rxd6 Rxd6 37. Ke2 Rd2+ 38. Ke3 Rb2 39. g3 h5 40. h4 Kf8 41. f3 Ke7 42. g4 Kd6 43. gxh5 gxh5 44. Ra5 Rh2 45. Rxh5 c2 46. Rh6+ Kd7 0-1

[Event "Nikaia op 18th"]
[Site "Nikaia"]
[Date "2010.08.24"]
[Round "6"]
[White "Goumas, Georgios"]
[Black "Ismail, Shereif"]
[Result "1/2-1/2"]
[WhiteElo "2298"]
[BlackElo "2234"]
[PlyCount "65"]
[EventDate "2010.08.20"]
[EventType "swiss"]
[EventRounds "9"]
[EventCountry "GRE"]
[SourceTitle "CBM 138 Extra"]
[Source "ChessBase"]
[SourceDate "2010.10.29"]
[SourceVersion "1"]
[SourceVersionDate "2010.10.29"]
[SourceQuality "1"]

1. e4 c5 2. Nf3 e6 3. d4 cxd4 4. Nxd4 Nf6 5. Nc3 d6 6. g4 h6 7. h4 Nc6 8. g5 hxg5 9. Bxg5 a6 10. Qd2 Bd7 11. 0-0-0 Qb6 12. Nb3 Qc7 13. Bg2 Be7 14. f4 0-0-0 15. Kb1 Kb8 16. Rhe1 Ng8 17. Bxe7 Ngxe7 18. Rh1 Bc8 19. Qf2 f5 20. Bh3 fxe4 21. Nxe4 Ng6 22. Ng5 Rxh4 23. Bxe6 Rxf4 24. Qg3 Nce5 25. Nd4 Qb6 26. Qb3 Qxb3 27. Bxb3 Bg4 28. Nde6 Bxd1 29. Nxd8 Bf3 30. Nxf3 Nxf3 31. Ne6 Nd2+ 32. Kc1 Nxb3+ 33. axb3 1/2-1/2

[Event "Negroponte op"]
[Site "Chalkis"]
[Date "2010.08.11"]
[Round "3"]
[White "Nikolov, Momchil"]
[Black "Ismail, Shereif"]
[Result "1-0"]
[WhiteElo "2552"]
[BlackElo "2234"]
[PlyCount "101"]
[EventDate "2010.08.09"]
[EventType "swiss"]
[EventRounds "9"]
[EventCountry "GRE"]
[SourceTitle "CBM 137 Extra"]
[Source "ChessBase"]
[SourceDate "2010.09.01"]
[SourceVersion "1"]
[SourceVersionDate "2010.09.01"]
[SourceQuality "1"]

1. d4 c5 2. d5 g6 3. c4 Bg7 4. e4 d6 5. Nc3 Nh6 6. Bf4 f5 7. Qd2 Nf7 8. Nf3 fxe4 9. Nxe4 Nd7 10. Be2 Nde5 11. Nxe5 Nxe5 12. 0-0 Bf5 13. Ng3 Qd7 14. a3 0-0 15. Bh6 Bxh6 16. Qxh6 Nf7 17. Qd2 e5 18. dxe6 Qxe6 19. Bf3 Qxc4 20. Nxf5 gxf5 21. Bxb7 Rad8 22. Bd5 Qh4 23. f4 Qf6 24. b4 Kh8 25. b5 Nh6 26. a4 Ng8 27. a5 Rb8 28. b6 Qg7 29. b7 a6 30. Rab1 Nf6 31. Rb6 Nxd5 32. Qxd5 Rf7 33. Rfb1 Qd4+ 34. Qxd4+ cxd4 35. Kf2 Re7 36. Rxa6 Rbxb7 37. Rxb7 Rxb7 38. Rb6 Rc7 39. Rxd6 Rc5 40. a6 Ra5 41. Ke2 Kg7 42. Kd3 Ra4 43. Kc2 Ra5 44. g3 Ra1 45. Kd3 Ra4 46. h3 h5 47. h4 Rb4 48. Rxd4 Rb3+ 49. Kc4 Rxg3 50. Kb5 Rb3+ 51. Rb4 1-0

[Event "Africa-ch U16"]
[Site "Cairo"]
[Date "2010.01.06"]
[Round "8"]
[White "Ismail, Shereif"]
[Black "Ameir, Moheb"]
[Result "1-0"]
[WhiteElo "2190"]
[BlackElo "2079"]
[PlyCount "127"]
[EventDate "2009.12.31"]
[EventType "swiss"]
[EventRounds "9"]
[EventCountry "EGY"]
[SourceTitle "CBM 134 Extra"]
[Source "ChessBase"]
[SourceDate "2010.03.03"]
[SourceVersion "1"]
[SourceVersionDate "2010.03.03"]
[SourceQuality "1"]

1. d4 Nf6 2. Nf3 e6 3. c4 b6 4. Nc3 Bb4 5. Bg5 Bb7 6. e3 h6 7. Bh4 g5 8. Bg3 Ne4 9. Qc2 h5 10. Bd3 f5 11. Rg1 a5 12. 0-0-0 Bxc3 13. bxc3 Qe7 14. Kb2 d6 15. h4 g4 16. Nd2 Nxg3 17. fxg3 Nd7 18. e4 fxe4 19. Nxe4 0-0-0 20. Ng5 Rdf8 21. Rgf1 Rh6 22. Rxf8+ Nxf8 23. Rf1 Rf6 24. Qe2 Kb8 25. Rxf6 Qxf6 26. Qf1 Qxf1 27. Bxf1 Kc8 28. Kc2 Kd7 29. Kd3 Ba6 30. Ke3 d5 31. Nf7 Ke7 32. Ne5 Nd7 33. Ng6+ Kf7 34. Nf4 Nf6 35. Bd3 Bxc4 36. Bg6+ Kg7 37. a3 Bb5 38. Bxh5 Bd7 39. Bg6 c5 40. Bc2 Kh6 41. Ng6 Be8 42. Ne5 Bh5 43. Kf4 cxd4 44. cxd4 Be8 45. Nxg4+ Nxg4 46. Kxg4 b5 47. Kf4 Bg6 48. Bd1 Bd3 49. Ke3 Bf5 50. Kd2 Bg6 51. Kc3 Bh5 52. g4 Be8 53. g5+ Kg6 54. g4 Bd7 55. Bc2+ Kg7 56. h5 Be8 57. h6+ Kf8 58. g6 Kg8 59. g5 Bc6 60. Kd2 Bb7 61. Ke3 Ba6 62. Kf4 b4 63. axb4 axb4 64. Ke5 1-0

[Event "Africa-ch U16"]
[Site "Cairo"]
[Date "2009.12.31"]
[Round "1"]
[White "Alnami, Salaheddin"]
[Black "Ismail, Shereif"]
[Result "0-1"]
[WhiteElo "1716"]
[BlackElo "2190"]
[PlyCount "67"]
[EventDate "2009.12.31"]
[EventType "swiss"]
[EventRounds "9"]
[EventCountry "EGY"]
[SourceTitle "CBM 134 Extra"]
[Source "ChessBase"]
[SourceDate "2010.03.03"]
[SourceVersion "1"]
[SourceVersionDate "2010.03.03"]
[SourceQuality "1"]

1. d4 c5 2. Nf3 cxd4 3. Qxd4 Nc6 4. Qa4 d5 5. Bf4 e6 6. Nbd2 Bd7 7. e4 Nf6 8. Bb5 a6 9. Bxc6 Bxc6 10. Qb3 Nxe4 11. Ne5 Nxd2 12. Bxd2 Bd6 13. Bc3 f6 14. Nxc6 bxc6 15. Qb7 0-0 16. Qxc6 Qc7 17. Qxc7 Bxc7 18. 0-0-0 Rad8 19. Rhe1 Rfe8 20. h4 e5 21. g4 Kf7 22. g5 f5 23. h5 d4 24. Bb4 Bb6 25. f3 Rd7 26. Re2 Bd8 27. Rg1 Ke6 28. g6 h6 29. f4 e4 30. Rd2 Bb6 31. c4 d3 32. c5 Rc8 33. Kb1 Bxc5 34. Bc3 0-1

[Event "Athens Acropolis op-B 24th"]
[Site "Chalkida"]
[Date "2009.08.14"]
[Round "5"]
[White "Ismail, Shereif"]
[Black "Balaskas, Panayotis"]
[Result "0-1"]
[WhiteElo "2141"]
[BlackElo "2129"]
[PlyCount "88"]
[EventDate "2009.08.10"]
[EventType "swiss"]
[EventRounds "9"]
[EventCountry "GRE"]
[SourceTitle "CBM 132 Extra"]
[Source "ChessBase"]
[SourceDate "2009.11.03"]
[SourceVersion "1"]
[SourceVersionDate "2009.11.03"]
[SourceQuality "1"]

1. c4 c5 2. Nc3 g6 3. Nf3 Bg7 4. g3 Nc6 5. Bg2 d6 6. 0-0 Nf6 7. d3 0-0 8. Bd2 Bg4 9. h3 Bd7 10. Qc1 Qc8 11. Kh2 Re8 12. Bh6 Bh8 13. Rb1 a6 14. a3 Rb8 15. b4 cxb4 16. axb4 b5 17. cxb5 axb5 18. Qd2 d5 19. Bg5 Be6 20. Rfc1 Qd7 21. e3 Rec8 22. Bf4 Rb6 23. Ng5 Nh5 24. Nxe6 fxe6 25. d4 Nxf4 26. gxf4 Rf8 27. Kg1 Nd8 28. Ne2 Nb7 29. Qc3 Nd6 30. Qc7 Qxc7 31. Rxc7 Bf6 32. Nc3 g5 33. fxg5 Bxg5 34. Ra1 Bh4 35. Ra2 Rbb8 36. Rc5 Ra8 37. Rc2 Ra1+ 38. Kh2 Bxf2 39. Nxb5 Bg1+ 40. Kg3 Nf5+ 41. Kf4 Nxe3+ 42. Kg5 Rf5+ 43. Kh6 Nxc2 44. Rc8+ Kf7 0-1

[Event "Athens Acropolis op-B 24th"]
[Site "Chalkida"]
[Date "2009.08.13"]
[Round "4"]
[White "Megalios, Konstantinos"]
[Black "Ismail, Shereif"]
[Result "0-1"]
[WhiteElo "1722"]
[BlackElo "2141"]
[PlyCount "134"]
[EventDate "2009.08.10"]
[EventType "swiss"]
[EventRounds "9"]
[EventCountry "GRE"]
[SourceTitle "CBM 132 Extra"]
[Source "ChessBase"]
[SourceDate "2009.11.03"]
[SourceVersion "1"]
[SourceVersionDate "2009.11.03"]
[SourceQuality "1"]

1. e4 d6 2. d4 g6 3. Nc3 Bg7 4. Nf3 Nf6 5. h3 0-0 6. Be3 c6 7. a4 b6 8. Be2 Ba6 9. 0-0 Qc7 10. Nd2 Bxe2 11. Qxe2 e5 12. dxe5 dxe5 13. Rfd1 Nbd7 14. Nc4 Rfd8 15. Rd6 Bf8 16. Rd3 Nc5 17. Bxc5 Bxc5 18. Rad1 Rd4 19. Qf3 Kg7 20. Ne3 Rad8 21. Qg3 Rxd3 22. Rxd3 Bxe3 23. Qxe3 Rxd3 24. cxd3 Qd6 25. g3 Qb4 26. Qd2 Nd7 27. Kf1 Nc5 28. Qc2 Qd4 29. Ke2 h5 30. Qd1 Qd7 31. b4 Ne6 32. h4 Qd4 33. Qb3 a5 34. bxa5 bxa5 35. Qc4 Qxc4 36. dxc4 Nc5 37. f4 Kf6 38. Kf3 Ke6 39. g4 hxg4+ 40. Kxg4 exf4 41. Kxf4 f6 42. Ne2 Nxa4 43. Nd4+ Kd6 44. Nb3 Nc5 45. Nxa5 Kc7 46. e5 Nd3+ 47. Ke4 Nxe5 48. c5 Nd7 49. Nb3 Nf8 50. Nd4 Kd7 51. h5 gxh5 52. Kf5 h4 53. Kg4 Ne6 54. Nb3 Ng7 55. Nd4 Ne6 56. Nb3 Nc7 57. Nd4 Na6 58. Nb3 Ke6 59. Kxh4 Kd5 60. Kg4 Nxc5 61. Na5 Nd7 62. Kf5 c5 63. Nb3 c4 64. Na1 Kd4 65. Nc2+ Kc3 66. Ne3 Kd3 67. Nd5 c3 0-1

[Event "Budapest FS09 IM"]
[Site "Budapest"]
[Date "2007.09.09"]
[Round "9"]
[White "Bednay, Bence"]
[Black "Ismail, Shereif"]
[Result "1/2-1/2"]
[WhiteElo "2277"]
[BlackElo "2178"]
[PlyCount "77"]
[EventDate "2007.09.01"]
[EventType "tourn"]
[EventRounds "13"]
[EventCountry "HUN"]
[EventCategory "1"]
[SourceTitle "CBM 120 Extra"]
[Source "ChessBase"]
[SourceDate "2007.11.01"]
[SourceVersion "1"]
[SourceVersionDate "2007.11.01"]
[SourceQuality "1"]

1. e4 c5 2. c3 d5 3. exd5 Qxd5 4. d4 Nc6 5. Nf3 Bg4 6. Be2 cxd4 7. cxd4 e6 8. 0-0 Nf6 9. Nc3 Qa5 10. h3 Bh5 11. Qb3 Qb4 12. Qxb4 Bxb4 13. a3 Be7 14. Be3 0-0 15. g4 Bg6 16. Ne5 Rac8 17. f4 Bc2 18. Bf3 Rfd8 19. g5 Nd5 20. Nxd5 exd5 21. Rac1 Bf5 22. h4 f6 23. Nxc6 Rxc6 24. Rxc6 bxc6 25. Rc1 Bd7 26. b4 Rb8 27. Bd2 Kf7 28. Kf2 Bd6 29. Kg3 g6 30. Bg4 Bxg4 31. Rxc6 Rb6 32. Rxb6 axb6 33. Kxg4 f5+ 34. Kf3 b5 35. Ke3 Ke6 36. Kd3 Kd7 37. Kc3 Kc6 38. Kb3 Kb6 39. Be3 1/2-1/2

[Event "Budapest FS09 IM"]
[Site "Budapest"]
[Date "2007.09.03"]
[Round "3"]
[White "Lengyel, Bela"]
[Black "Ismail, Shereif"]
[Result "1/2-1/2"]
[WhiteElo "2289"]
[BlackElo "2178"]
[PlyCount "71"]
[EventDate "2007.09.01"]
[EventType "tourn"]
[EventRounds "13"]
[EventCountry "HUN"]
[EventCategory "1"]
[SourceTitle "CBM 120 Extra"]
[Source "ChessBase"]
[SourceDate "2007.11.01"]
[SourceVersion "1"]
[SourceVersionDate "2007.11.01"]
[SourceQuality "1"]

1. e4 c5 2. Nf3 d6 3. d4 cxd4 4. Nxd4 Nf6 5. Nc3 a6 6. Be2 e6 7. 0-0 Be7 8. f4 Qc7 9. a4 0-0 10. Be3 Nc6 11. Kh1 Rd8 12. Qe1 Nxd4 13. Bxd4 e5 14. Be3 b6 15. Rd1 Bb7 16. Qf2 Nd7 17. fxe5 Rf8 18. exd6 Bxd6 19. Bf4 Ne5 20. Nd5 Bxd5 21. Rxd5 f6 22. Be3 Be7 23. c4 Rab8 24. b3 Bc5 25. Rfd1 Bxe3 26. Qxe3 a5 27. c5 bxc5 28. Qxc5 Qxc5 29. Rxc5 Rfc8 30. Rxa5 Rxb3 31. Rad5 Rc2 32. Rb5 Ra3 33. Rb7 h6 34. Bh5 Rxa4 35. Rd8+ Kh7 36. h3 1/2-1/2

[Event "Budapest FS09 IM"]
[Site "Budapest"]
[Date "2007.09.02"]
[Round "2"]
[White "Ismail, Shereif"]
[Black "Gauri, Shankar"]
[Result "0-1"]
[WhiteElo "2178"]
[BlackElo "2177"]
[PlyCount "78"]
[EventDate "2007.09.01"]
[EventType "tourn"]
[EventRounds "13"]
[EventCountry "HUN"]
[EventCategory "1"]
[SourceTitle "CBM 120 Extra"]
[Source "ChessBase"]
[SourceDate "2007.11.01"]
[SourceVersion "1"]
[SourceVersionDate "2007.11.01"]
[SourceQuality "1"]

1. d4 Nf6 2. c4 e6 3. Nf3 Bb4+ 4. Bd2 Qe7 5. a3 Bxd2+ 6. Nbxd2 d6 7. e4 e5 8. d5 a5 9. b3 0-0 10. g3 Na6 11. Bg2 Bd7 12. 0-0 b5 13. Qc2 Rfb8 14. Rfb1 bxc4 15. Nxc4 Nc5 16. Nfd2 Bb5 17. Bf1 Bxc4 18. Bxc4 g6 19. Ra2 Qd7 20. f3 Kg7 21. b4 axb4 22. axb4 Rxa2 23. Qxa2 Na4 24. Qc2 Nb6 25. Ra1 Nxc4 26. Qxc4 Qb5 27. Qxb5 Rxb5 28. Rc1 Ne8 29. Rc4 Kf8 30. Kf2 Ke7 31. Nb3 Rb8 32. Na5 Kd7 33. f4 Nf6 34. Kf3 exf4 35. gxf4 h5 36. Rd4 Re8 37. h3 Kc8 38. Nc6 Nd7 39. Rd3 Kb7 0-1

[Event "Mediterranean-ch 5th"]
[Site "Sousse"]
[Date "2007.??.??"]
[Round "4"]
[White "Ismail, Shereif"]
[Black "Toubal, Hayat"]
[Result "1-0"]
[WhiteElo "2178"]
[BlackElo "1949"]
[PlyCount "103"]
[EventDate "2007.11.27"]
[EventType "swiss"]
[EventRounds "9"]
[EventCountry "TUN"]
[SourceTitle "CBM 121 Extra"]
[Source "ChessBase"]
[SourceDate "2008.01.10"]
[SourceVersion "1"]
[SourceVersionDate "2008.01.10"]
[SourceQuality "1"]

1. d4 d5 2. c4 e6 3. Nc3 Nf6 4. Bg5 Be7 5. Nf3 Nbd7 6. e3 0-0 7. Bd3 dxc4 8. Bxc4 c6 9. a4 Re8 10. 0-0 Nf8 11. Qc2 Bd7 12. Rfd1 Rc8 13. Qe2 Qa5 14. e4 a6 15. e5 Nd5 16. Ne4 f6 17. exf6 gxf6 18. Bh6 Ng6 19. Ng3 Bf8 20. Bxf8 Rxf8 21. Ne4 Ngf4 22. Qd2 Qc7 23. Nc5 Rce8 24. Bxd5 Nxd5 25. Re1 Bc8 26. a5 Qd6 27. Nd3 Rf7 28. Re4 Rg7 29. Kh1 Kf7 30. Rg1 Reg8 31. Qh6 Qc7 32. Qd2 Qd6 33. Rh4 Kf8 34. Nf4 Ne7 35. Nh5 Rg6 36. Ng3 R8g7 37. Rh6 Qd5 38. Nh5 Rf7 39. Nf4 Qb3 40. Nxg6+ Nxg6 41. Nh4 Nxh4 42. Rxh4 Qa4 43. Qh6+ Kg8 44. Rg4+ Kh8 45. Qh5 Re7 46. Qc5 Rf7 47. Qb6 Rd7 48. h3 Qc2 49. Qb4 c5 50. dxc5 Rf7 51. Qb6 Rd7 52. Qxe6 1-0

[Event "Wch U16"]
[Site "Belfort"]
[Date "2005.07.20"]
[Round "2"]
[White "Ismail, Shereif"]
[Black "Szabo, Krisztian"]
[Result "1/2-1/2"]
[WhiteElo "2215"]
[BlackElo "2422"]
[PlyCount "133"]
[EventDate "2005.07.19"]
[EventType "swiss"]
[EventRounds "11"]
[EventCountry "FRA"]
[SourceTitle "CBM 107 Extra"]
[Source "ChessBase"]
[SourceDate "2005.09.01"]
[SourceVersion "1"]
[SourceVersionDate "2005.09.01"]
[SourceQuality "1"]

1. Nf3 Nf6 2. c4 e6 3. Nc3 c5 4. e3 Nc6 5. d4 d5 6. cxd5 exd5 7. Be2 cxd4 8. exd4 Be7 9. 0-0 0-0 10. Bg5 h6 11. Bh4 g5 12. Bg3 Ne4 13. Ne5 Nxg3 14. fxg3 Qa5 15. Kh1 Nxe5 16. dxe5 Be6 17. Qd3 a6 18. Bd1 Kg7 19. Bc2 Rh8 20. Ne2 Qb5 21. Qe3 Bc5 22. Qf3 Qd7 23. Rac1 Qe7 24. Bf5 Rac8 25. Nc3 Rhd8 26. Rcd1 Bxf5 27. Qxf5 Qe6 28. Qf3 d4 29. Ne4 Be7 30. Nf6 Rc6 31. Qe4 Bxf6 32. exf6+ Kg8 33. Rxd4 Qxe4 34. Rxe4 Rc2 35. Rb4 b5 36. a4 bxa4 37. Rxa4 Rdd2 38. Rg1 Rd6 39. Rb4 Rxf6 40. h3 Kg7 41. g4 Rff2 42. Rb6 a5 43. Rb5 a4 44. Rb4 Rf4 45. Rxf4 gxf4 46. Ra1 Rc4 47. Kg1 Rb4 48. Ra2 Kf6 49. Kf2 Ke5 50. Kf3 Kd5 51. Ra3 Kc5 52. h4 Kb5 53. Ra2 Kc4 54. Ra3 Kb5 55. Ra2 Rc4 56. Ra3 Kb4 57. g5 hxg5 58. hxg5 Kb5 59. Kg4 Rb4 60. Ra2 Rc4 61. Ra3 Kb4 62. Kf3 Rd4 63. g3 fxg3 64. Kxg3 Kc5 65. Rf3 Rd7 66. Kg4 Rb7 67. Kh5 1/2-1/2